000 02903nam a22004457a 4500
001 959876721
003 OCoLC
005 20241110164448.0
006 m o d
007 cr cn|||||||||
008 161005s2017 nyua ob 000 0 eng d
020 _a0071840613
020 _a9780071840613
035 _a(OCoLC)959876721
040 _aYDX
_beng
_erda
_cYDX
_dBTCTA
_dINM
_dOCLCO
041 _aeng
080 _a61
_bC-95
100 _9172
_aStone, C. Keith
_eEditor
245 0 0 _aCurrent diagnosis & treatment :
_bEmergency medicine /
_c[edited by] C. Keith Stone, Roger L. Humphries.
246 3 3 _aCurrent diagnosis and treatment.
_pEmergency medicine.
250 _a8th ed.
260 _aNew York :
_bMcGraw-Hill Education,
_c2017
300 _a1055 p.
_billustrations (some color)
365 _b9.64 usd
500 _aDescription based on online version.
504 _aIncludes bibliographical references.
505 0 _aI. Special Aspects of Emergency Medicine: Approach to the Emergency Department Patient ; Prehospital Emergency Medical Services ; Nuclear, Biologic, & Chemical Agents, Weapons of Mass Destruction ; Disaster Medicine ; Legal Aspects of Emergency Care ; Emergency Bedside Ultrasound ; Emergency Procedures ; Procedural Sedation and Analgesia -- II. Management of Common Emergency Problems: Basic & Advanced Cardiac Life Support ; Compromised Airway ; Shock ; The Multiply Injured Patient ; Respiratory Distress ; Chest Pain ; Abdominal Pain ; Gastrointestinal Bleeding ; Coma ; Syncope ; Seizures ; Headache ; Arthritis & Back Pain -- III. Trauma Emergencies: Head Injuries ; Maxillofacial & Neck Trauma ; Chest Trauma ; Abdominal Trauma ; Genitourinary Trauma ; Vertebral Column & Spinal Cord Trauma ; Orthopedic Emergencies ; Hand Trauma ; Wound Care -- IV. Nontrauma Emergencies: Eye Emergencies ; Emergency Disorders of the Ear, Nose, Sinuses, Oropharynx, & Mouth ; Pulmonary Emergencies ; Cardiac Emergencies ; Cardiac Arrhythmias ; Gastrointestinal Emergencies ; Neurologic Emergencies ; Obstetric and Gynecologic Emergencies and Sexual Assault ; Genitourinary Emergencies ; Vascular Emergencies ; Hematologic Emergencies ; Infectious Disease Emergencies ; Metabolic & Endocrine Emergencies ; Fluid, Electrolyte, & Acid-Base Emergencies ; Burns & Smoke Inhalation ; Disorders Due to Physical & Environmental Agents ; Poisoning ; Dermatologic Emergencies ; Psychiatric Emergencies ; Pediatric Emergencies.
590 _ac.1 10071362 Ritt 7/19/17 $90.00.
650 2 _aEmergencies.
650 2 _aEmergency Medicine
_xmethods.
650 2 _aDiagnosis.
650 0 _aMedicine
_969
650 2 _aTherapeutics.
653 _aმედიცინა
653 _aგადაუდებელი მედიცინა
653 _aთერაპია
700 1 _aStone, C. Keith.
700 1 _aHumphries, Roger L.
942 _2udc
_cBK
_e8
999 _c288
_d288